Statistics for Countries Linkin Park has visited

Click here to take the quiz!

General Stats

  • This quiz has been taken 129 times
  • The average score is 37 of 46

Answer Stats

ContinentCountry% Correct
EuropeGermany
98%
EuropeFrance
97%
AsiaChina
96%
AsiaJapan
96%
Asia/ EuropeRussia
95%
EuropeUnited Kingdom
95%
OceaniaAustralia
94%
South AmericaBrazil
93%
EuropeItaly
93%
North AmericaUnited States of America
93%
North AmericaCanada
92%
EuropeSpain
92%
EuropeBelgium
91%
South AmericaArgentina
90%
North AmericaMexico
90%
EuropeNorway
87%
EuropePortugal
87%
EuropeSweden
87%
EuropeAustria
85%
EuropePoland
85%
South AmericaChile
83%
EuropeFinland
82%
OceaniaNew Zealand
82%
Europethe Netherlands
82%
AsiaSouth Korea
81%
Asia/ EuropeTurkey
80%
EuropeGreece
79%
EuropeDenmark
78%
EuropeSwitzerland
76%
EuropeUkraine
76%
AsiaIndonesia
74%
EuropeCzech Republic
73%
EuropeHungary
72%
AfricaSouth Africa
72%
AsiaThailand
72%
EuropeRomania
70%
EuropeBelarus
69%
South AmericaPeru
69%
Asiathe Philippines
59%
AsiaIsrael
58%
AsiaSingapore
58%
EuropeLatvia
57%
EuropeLithuania
57%
AsiaMalaysia
57%
AsiaUnited Arab Emirates
54%
AsiaTaiwan
53%

Score Distribution

Percentile by Number Answered

Percent of People with Each Score

Your Score History

You have not taken this quiz